| 000 | 00565nam a2200181Ia 4500 | ||
|---|---|---|---|
| 999 |
_c23162 _d23162 |
||
| 003 | OSt | ||
| 005 | 20200625113445.0 | ||
| 008 | 190216s9999||||xx |||||||||||||| ||und|| | ||
| 020 | _a8171511171 | ||
| 040 | _coclc | ||
| 082 |
_a297.1226 _bAZA/T |
||
| 100 |
_a Azad, Maulana Abul Kalam _91842 |
||
| 245 | 4 |
_aThe Tarjuman Al-Quran Vol 1 / _cMawlana Abul Kalam Azad |
|
| 260 |
_bKitabbhavan, _c1994. _aNew Delhi: |
||
| 300 | _a224p | ||
| 650 | 0 |
_aHistory & geography _vIslamic History _92271 |
|
| 942 |
_cBK _2ddc _h297.1226 _iAZA/T _k297.1226 _mAZA/T |
||